[Event "IRI-chT 16th"]
[Site "Sari"]
[Date "2017.09.14"]
[Round "4.1"]
[White "Moosavian, S Hamed"]
[Black "Maghsoodloo, Parham"]
[Result "1/2-1/2"]
[WhiteElo "2335"]
[BlackElo "2569"]
[PlyCount "56"]
[EventDate "2017.09.13"]
[EventType "team-swiss"]
[EventRounds "11"]
[EventCountry "IRI"]
[SourceTitle "CBM 180 Extra"]
[Source "ChessBase"]
[SourceDate "2017.10.06"]
[SourceVersion "1"]
[SourceVersionDate "2017.10.06"]
[SourceQuality "1"]
[WhiteTeam "Tehran Rokh Dar Rokh"]
[BlackTeam "Tehran Saipa"]
[WhiteTeamCountry "IRI"]
[BlackTeamCountry "IRI"]

1. e4 c5 2. Nc3 e6 3. Nf3 Nc6 4. d4 cxd4 5. Nxd4 Qc7 6. g3 a6 7. Bg2 h5 8. 0-0 h4 9. Re1 hxg3 10. hxg3 d6 11. Bg5 Be7 12. Bxe7 Ngxe7 13. Qd2 Nxd4 14. Qxd4 e5 15. Qd2 Be6 16. Rad1 Rd8 17. Qg5 Kf8 18. Rd2 b5 19. a3 Qc5 20. Bf1 f6 21. Qe3 Qxe3 22. Rxe3 Kf7 23. Red3 Nc6 24. Rxd6 Nd4 25. Rxd8 Nf3+ 26. Kg2 Ne1+ 27. Kg1 Nf3+ 28. Kg2 Ne1+ 1/2-1/2

[Event "Abrisham op"]
[Site "Sowme'eh Sara"]
[Date "2015.05.09"]
[Round "3"]
[White "Moosavian, S Hamed"]
[Black "Golizadeh, Asghar"]
[Result "1/2-1/2"]
[WhiteElo "2342"]
[BlackElo "2470"]
[PlyCount "104"]
[EventDate "2015.05.08"]
[EventType "swiss"]
[EventRounds "9"]
[EventCountry "IRI"]
[SourceTitle "CBM 166 Extra"]
[Source "ChessBase"]
[SourceDate "2015.06.18"]
[SourceVersion "1"]
[SourceVersionDate "2015.06.18"]
[SourceQuality "1"]

1. e4 c5 2. Nf3 e6 3. g3 Nc6 4. Bg2 Nf6 5. d3 g6 6. 0-0 Bg7 7. Re1 0-0 8. c3 d5 9. e5 Ng4 10. d4 cxd4 11. cxd4 f6 12. h3 Nh6 13. exf6 Qxf6 14. Bg5 Qf7 15. g4 Nxd4 16. Nxd4 Qxf2+ 17. Kh1 Qxd4 18. Qxd4 Bxd4 19. Bxh6 Bxb2 20. Nd2 Bxa1 21. Rxa1 Bd7 22. Bxf8 Kxf8 23. Nf3 Rc8 24. Re1 h6 25. Ne5 Be8 26. Nd3 Kf7 27. h4 g5 28. h5 Rc3 29. Rf1+ Kg7 30. Rd1 a5 31. Kh2 b5 32. Ne5 b4 33. Nf3 Kf6 34. Nd4 Bd7 35. Rd2 Ke5 36. Nf3+ Kf6 37. Rf2 Kg7 38. Bf1 Be8 39. Nd4 Bf7 40. Bb5 Re3 41. Bd7 Re4 42. Nc6 Rxg4 43. Nxa5 Rh4+ 44. Kg3 Re4 45. Nc6 Bxh5 46. Nd8 Re3+ 47. Kg2 Bg4 48. Rf7+ Kg8 49. Rf6 Kg7 50. Rf7+ Kg8 51. Re7 Kf8 52. Rf7+ Kg8 1/2-1/2

[Event "Rasht Khazar op 11th"]
[Site "Rasht"]
[Date "2013.03.07"]
[Round "10"]
[White "Iskandarov, Misratdin"]
[Black "Moosavian, S Hamed"]
[Result "0-1"]
[WhiteElo "2373"]
[BlackElo "2377"]
[PlyCount "56"]
[EventDate "2013.03.01"]
[EventType "swiss"]
[EventRounds "11"]
[EventCountry "IRI"]
[SourceTitle "CBM 153 Extra"]
[Source "ChessBase"]
[SourceDate "2013.04.22"]
[SourceVersion "1"]
[SourceVersionDate "2013.04.22"]
[SourceQuality "1"]

1. e4 c5 2. Nf3 e6 3. d3 Nc6 4. g3 g6 5. Bg2 Bg7 6. 0-0 Nge7 7. c3 d5 8. Qe2 b6 9. e5 Qc7 10. Re1 h6 11. h4 Ba6 12. Bf4 g5 13. hxg5 Ng6 14. Bd2 hxg5 15. Bxg5 Ngxe5 16. Bf4 f6 17. Na3 0-0-0 18. Rad1 Nxf3+ 19. Bxf3 e5 20. Bc1 Bf8 21. Kg2 e4 22. Bg4+ Kb8 23. Bf4 Ne5 24. Bf5 Bh6 25. Bxe5 Qxe5 26. Bh3 Bf4 27. d4 Bxe2 28. dxe5 Bf3+ 0-1

[Event "Rasht Khazar op 11th"]
[Site "Rasht"]
[Date "2013.03.05"]
[Round "7"]
[White "Moosavian, S Hamed"]
[Black "Pantsulaia, Levan"]
[Result "1-0"]
[WhiteElo "2377"]
[BlackElo "2556"]
[PlyCount "57"]
[EventDate "2013.03.01"]
[EventType "swiss"]
[EventRounds "11"]
[EventCountry "IRI"]
[SourceTitle "CBM 153 Extra"]
[Source "ChessBase"]
[SourceDate "2013.04.22"]
[SourceVersion "1"]
[SourceVersionDate "2013.04.22"]
[SourceQuality "1"]

1. e4 c5 2. Nf3 e6 3. d4 cxd4 4. Nxd4 a6 5. Nc3 b5 6. Bd3 Bb7 7. 0-0 Qc7 8. Re1 b4 9. Nd5 exd5 10. exd5+ Kd8 11. Qf3 Nf6 12. c4 bxc3 13. Bg5 Qb6 14. bxc3 Kc7 15. Rab1 Bxd5 16. Rxb6 Bxf3 17. Rxf6 gxf6 18. Bxf6 Rg8 19. Nxf3 Bc5 20. Bxh7 Rf8 21. h4 Nc6 22. h5 Rae8 23. Rxe8 Rxe8 24. h6 Be7 25. Bg7 Bf8 26. Ng5 Nd8 27. f4 Ne6 28. Nxe6+ dxe6 29. g4 1-0

[Event "Al Ain op 1st"]
[Site "Al Ain"]
[Date "2012.12.28"]
[Round "9"]
[White "El Ghazali, Youssef M"]
[Black "Moosavian, S Hamed"]
[Result "1-0"]
[WhiteElo "2244"]
[BlackElo "2377"]
[PlyCount "63"]
[EventDate "2012.12.22"]
[EventType "swiss"]
[EventRounds "9"]
[EventCountry "UAE"]
[SourceTitle "CBM 152 Extra"]
[Source "ChessBase"]
[SourceDate "2013.02.25"]
[SourceVersion "1"]
[SourceVersionDate "2013.02.25"]
[SourceQuality "1"]

1. Nf3 c5 2. c4 Nc6 3. g3 g6 4. Nc3 Bg7 5. Bg2 e5 6. d3 Nge7 7. 0-0 0-0 8. Rb1 d6 9. a3 a5 10. Ne1 Be6 11. Bg5 h6 12. Bxe7 Qxe7 13. Nc2 f5 14. Ne3 g5 15. Ned5 Qf7 16. Nb5 Rad8 17. Nbc7 Bc8 18. Na8 Kh8 19. Nab6 Be6 20. b4 axb4 21. axb4 f4 22. bxc5 dxc5 23. Na4 g4 24. Nxc5 Bc8 25. f3 Qh5 26. Ne4 Nd4 27. Ne7 Be6 28. Rb6 Rf7 29. Rxe6 Nxe6 30. fxg4 Qxg4 31. h3 Qh5 32. g4 1-0

[Event "Al Ain op 1st"]
[Site "Al Ain"]
[Date "2012.12.27"]
[Round "6"]
[White "Kazhgaleyev, Murtas"]
[Black "Moosavian, S Hamed"]
[Result "1/2-1/2"]
[WhiteElo "2596"]
[BlackElo "2377"]
[PlyCount "129"]
[EventDate "2012.12.22"]
[EventType "swiss"]
[EventRounds "9"]
[EventCountry "UAE"]
[SourceTitle "CBM 152 Extra"]
[Source "ChessBase"]
[SourceDate "2013.02.25"]
[SourceVersion "1"]
[SourceVersionDate "2013.02.25"]
[SourceQuality "1"]

1. d4 e6 2. c4 f5 3. Nc3 Nf6 4. Qc2 d5 5. Bf4 c6 6. e3 Be7 7. Bd3 Ne4 8. f3 Nxc3 9. bxc3 0-0 10. Ne2 c5 11. 0-0 Nc6 12. Rad1 Na5 13. dxc5 Bxc5 14. cxd5 e5 15. Bxe5 Bxe3+ 16. Kh1 Qxd5 17. Bf4 Bxf4 18. Nxf4 Qf7 19. Qa4 b6 20. Bb5 Be6 21. Nxe6 Qxe6 22. Bd7 Qf7 23. c4 Kh8 24. Rd5 Rad8 25. Rfd1 Nxc4 26. Rxf5 Qxf5 27. Bxf5 Nb2 28. Rxd8 Rxd8 29. Qc2 Rd1+ 30. Qxd1 Nxd1 31. Kg1 b5 32. Be6 a5 33. Kf1 Ne3+ 34. Kf2 Nc2 35. Bd7 b4 36. Ba4 Na3 37. Ke3 Nb1 38. Kd4 Nc3 39. Bb3 a4 40. Bc4 Nd1 41. Kc5 b3 42. Bxb3 axb3 43. axb3 Kg8 44. b4 Kf7 45. b5 Ke7 46. Kc6 Nb2 47. b6 Nc4 48. b7 Na5+ 49. Kc7 Nxb7 50. Kxb7 Kd6 51. Kc8 h5 52. Kd8 g5 53. Ke8 Ke6 54. Kf8 Kf6 55. g3 h4 56. Kg8 Kg6 57. Kh8 Kh6 58. Kg8 Kg6 59. Kf8 Kf6 60. Ke8 h3 61. Kf8 Ke5 62. Kg7 Kd4 63. g4 Ke3 64. Kf6 Kxf3 65. Kxg5 1/2-1/2

[Event "Al Ain op 1st"]
[Site "Al Ain"]
[Date "2012.12.27"]
[Round "7"]
[White "Moosavian, S Hamed"]
[Black "Golizadeh, Asghar"]
[Result "0-1"]
[WhiteElo "2377"]
[BlackElo "2476"]
[PlyCount "70"]
[EventDate "2012.12.22"]
[EventType "swiss"]
[EventRounds "9"]
[EventCountry "UAE"]
[SourceTitle "CBM 152 Extra"]
[Source "ChessBase"]
[SourceDate "2013.02.25"]
[SourceVersion "1"]
[SourceVersionDate "2013.02.25"]
[SourceQuality "1"]

1. d4 Nf6 2. Bg5 d5 3. Bxf6 exf6 4. e3 Bd6 5. c4 dxc4 6. Bxc4 0-0 7. Nc3 f5 8. Qf3 Nd7 9. Nge2 Nf6 10. 0-0 c6 11. Rfe1 Re8 12. a3 a5 13. Rac1 g6 14. Ng3 Kg7 15. d5 Ng4 16. Ba2 Bd7 17. dxc6 Bxc6 18. Bd5 Rc8 19. Red1 Qh4 20. h3 Nxe3 21. Bxc6 Nxd1 22. Bxe8 Nxc3 23. Bb5 Rc5 24. Bf1 Ne4 25. Rxc5 Nxc5 26. Qd5 Qe7 27. Ne2 Ne4 28. Nc3 Bc5 29. Nxe4 fxe4 30. Bc4 e3 31. fxe3 Qxe3+ 32. Kh2 Qf4+ 33. Kh1 Qc1+ 34. Kh2 Qg1+ 35. Kg3 Qe1+ 0-1

[Event "Al Ain op 1st"]
[Site "Al Ain"]
[Date "2012.12.25"]
[Round "4"]
[White "Tarasova, Viktoriya"]
[Black "Moosavian, S Hamed"]
[Result "1/2-1/2"]
[WhiteElo "2254"]
[BlackElo "2377"]
[PlyCount "78"]
[EventDate "2012.12.22"]
[EventType "swiss"]
[EventRounds "9"]
[EventCountry "UAE"]
[SourceTitle "CBM 152 Extra"]
[Source "ChessBase"]
[SourceDate "2013.02.25"]
[SourceVersion "1"]
[SourceVersionDate "2013.02.25"]
[SourceQuality "1"]

1. d4 Nf6 2. c4 e6 3. Nc3 c5 4. d5 exd5 5. cxd5 d6 6. Nf3 g6 7. Bf4 a6 8. a4 Bg7 9. h3 0-0 10. e3 Qc7 11. Nd2 Nbd7 12. Be2 Rb8 13. 0-0 Re8 14. Bh2 Nb6 15. a5 Nbd7 16. Nc4 Bf8 17. Na4 Ne5 18. Bxe5 dxe5 19. d6 Qc6 20. Rc1 e4 21. Nab6 Rd8 22. Qc2 Be6 23. Rfd1 Bxd6 24. Nxd6 Rxd6 25. Rxd6 Qxd6 26. Qxc5 Qd2 27. Qc3 Qxe2 28. Qxf6 Qb5 29. Qc3 Rd8 30. Qc7 Rd2 31. b4 Qg5 32. Nc4 Rd7 33. Qb8+ Kg7 34. Nb6 Rd2 35. Qxb7 Qh4 36. Rf1 Qg5 37. Rc1 Bxh3 38. Qxe4 Qf6 39. Rf1 Bf5 1/2-1/2

[Event "Al Ain op 1st"]
[Site "Al Ain"]
[Date "2012.12.23"]
[Round "2"]
[White "Moosavian, S Hamed"]
[Black "Miroshnichenko, Evgenij"]
[Result "0-1"]
[WhiteElo "2377"]
[BlackElo "2628"]
[PlyCount "60"]
[EventDate "2012.12.22"]
[EventType "swiss"]
[EventRounds "9"]
[EventCountry "UAE"]
[SourceTitle "CBM 152 Extra"]
[Source "ChessBase"]
[SourceDate "2013.02.25"]
[SourceVersion "1"]
[SourceVersionDate "2013.02.25"]
[SourceQuality "1"]

1. e4 c5 2. Nf3 d6 3. d4 cxd4 4. Nxd4 Nf6 5. Nc3 a6 6. Bc4 e6 7. Bb3 Nbd7 8. 0-0 Nc5 9. f4 Ncxe4 10. Nxe4 Nxe4 11. f5 e5 12. Qh5 d5 13. Re1 Qc7 14. Ne6 Bxe6 15. fxe6 Qb6+ 16. Be3 Qxe6 17. Bd4 g6 18. Qxe5 Qxe5 19. Bxe5 Bc5+ 20. Kh1 0-0 21. Bg3 Rad8 22. Rad1 Bf2 23. Rxe4 dxe4 24. Rxd8 Rxd8 25. Bxf2 Rd1+ 26. Bg1 e3 27. Bc4 Re1 28. h3 e2 29. Kh2 Rxg1 30. Bxe2 Rb1 0-1

[Event "Al Ain op 1st"]
[Site "Al Ain"]
[Date "2012.12.22"]
[Round "1"]
[White "Moosavian, S Hamed"]
[Black "Khadzh Khamed, Naser"]
[Result "1-0"]
[WhiteElo "2377"]
[BlackElo "2021"]
[PlyCount "77"]
[EventDate "2012.12.22"]
[EventType "swiss"]
[EventRounds "9"]
[EventCountry "UAE"]
[SourceTitle "CBM 152 Extra"]
[Source "ChessBase"]
[SourceDate "2013.02.25"]
[SourceVersion "1"]
[SourceVersionDate "2013.02.25"]
[SourceQuality "1"]

1. e4 c5 2. Nf3 g6 3. c4 Bg7 4. d4 cxd4 5. Nxd4 Nc6 6. Be3 Nf6 7. Nc3 d6 8. Be2 0-0 9. 0-0 Bd7 10. f3 Nxd4 11. Bxd4 Bc6 12. b4 b6 13. Nd5 e5 14. Nxf6+ Qxf6 15. Be3 Rfc8 16. a4 Qe6 17. a5 Rab8 18. b5 Ba8 19. axb6 axb6 20. Ra6 f5 21. Bd3 Bf8 22. Bxb6 Bb7 23. Ba7 Bxa6 24. Bxb8 Bxb5 25. cxb5 Rxb8 26. exf5 gxf5 27. Qb1 f4 28. Bxh7+ Kh8 29. Rc1 d5 30. Bd3 Bc5+ 31. Kh1 Bd4 32. Qc2 Re8 33. Qc7 Qe7 34. Qc6 e4 35. Qxd5 exd3 36. Qxd4+ Qe5 37. Qxd3 Re7 38. h3 Rc7 39. Qd8+ 1-0

[Event "Bojnord 1st"]
[Site "Bojnord"]
[Date "2011.11.09"]
[Round "3.5"]
[White "Derakhshani, Mehrdad"]
[Black "Moosavian, S Hamed"]
[Result "0-1"]
[WhiteElo "1913"]
[BlackElo "2340"]
[PlyCount "50"]
[EventDate "2011.11.09"]
[EventType "tourn"]
[EventRounds "11"]
[EventCountry "IRI"]
[SourceTitle "EXT 2024"]
[Source "ChessBase"]
[SourceDate "2023.10.10"]
[SourceVersion "1"]
[SourceVersionDate "2023.10.10"]
[SourceQuality "1"]

1. d4 e6 2. c4 Nf6 3. Nc3 Bb4 4. e3 c5 5. Bd3 d5 6. Nf3 0-0 7. 0-0 cxd4 8. exd4 dxc4 9. Bxc4 Nbd7 10. Bg5 b6 11. Qe2 Bb7 12. Rac1 Rc8 13. Ne5 Nxe5 14. dxe5 Qd4 15. Bd3 Nd7 16. Rfe1 Nxe5 17. Qxe5 Qxd3 18. Re3 Qd5 19. Qg3 Bd6 20. f4 Qf5 21. Rd3 Bc5+ 22. Kh1 f6 23. Rd7 Rf7 24. Rcd1 fxg5 25. Ne2 Rxd7 0-1

[Event "Fajr op 18th"]
[Site "Mashhad"]
[Date "2010.02.21"]
[Round "2"]
[White "Khodashenas, Mersad"]
[Black "Moosavian, S Hamed"]
[Result "0-1"]
[WhiteElo "1942"]
[BlackElo "2407"]
[PlyCount "122"]
[EventDate "2010.02.20"]
[EventType "swiss"]
[EventRounds "11"]
[EventCountry "IRI"]
[SourceTitle "CBM 135 Extra"]
[Source "ChessBase"]
[SourceDate "2010.05.04"]
[SourceVersion "1"]
[SourceVersionDate "2010.05.04"]
[SourceQuality "1"]

1. e4 c5 2. Nf3 e6 3. d4 cxd4 4. Nxd4 Nf6 5. Nc3 Bb4 6. e5 Nd5 7. Bd2 Nxc3 8. bxc3 Be7 9. Qg4 0-0 10. Bh6 g6 11. Bxf8 Bxf8 12. h4 Qa5 13. Qg3 Bg7 14. f4 d6 15. Nb3 Qc7 16. 0-0-0 dxe5 17. fxe5 Bxe5 18. Qd3 Nd7 19. c4 a5 20. Kb1 Qb6 21. c5 Qb4 22. Qc4 Qa3 23. Nd4 Nxc5 24. Rh3 Qb4+ 25. Qxb4 axb4 26. Nb3 Ne4 27. Bb5 Bf6 28. Rf1 Kg7 29. Rhf3 e5 30. Bd3 Nc3+ 31. Kc1 Nxa2+ 32. Kd2 Bf5 33. Bxf5 gxf5 34. Rxf5 Rd8+ 35. Ke3 Nc3 36. g3 e4 37. Kf4 b6 38. Ke3 Rd6 39. Kf4 Bd8 40. Ke3 f6 41. g4 b5 42. Nc5 Bb6 43. Rh5 Rc6 44. Rff5 Na4 45. Kxe4 Bxc5 46. g5 Be7 47. gxf6+ Bxf6 48. Kd3 Nb2+ 49. Kd2 Re6 50. Rf1 Nc4+ 51. Kc1 Ra6 52. Kd1 Ne3+ 53. Ke2 Nxf1 54. Kxf1 Ra1+ 55. Ke2 Rh1 56. Rxb5 Rxh4 57. Kd3 h5 58. Rf5 Rd4+ 59. Ke3 h4 60. Rf3 Rc4 61. Kd2 Rc3 0-1

[Event "Dubai op 11th"]
[Site "Dubai"]
[Date "2009.05.02"]
[Round "7"]
[White "Pourkashiyan, Atousa"]
[Black "Moosavian, S Hamed"]
[Result "0-1"]
[WhiteElo "2273"]
[BlackElo "2395"]
[PlyCount "84"]
[EventDate "2009.04.26"]
[EventType "swiss"]
[EventRounds "9"]
[EventCountry "UAE"]
[SourceTitle "CBM 130 Extra"]
[Source "ChessBase"]
[SourceDate "2009.07.02"]
[SourceVersion "2"]
[SourceVersionDate "2009.07.15"]
[SourceQuality "1"]

1. e4 e6 2. d4 d5 3. Nd2 c5 4. exd5 exd5 5. Ngf3 Nc6 6. Bb5 Bd6 7. dxc5 Bxc5 8. 0-0 Nge7 9. Nb3 Bd6 10. Re1 0-0 11. Bd3 h6 12. h3 Nf5 13. c3 Bc7 14. Bc2 Qd6 15. Qd3 g6 16. Qd2 h5 17. Qg5 Bd7 18. Bxf5 Bxf5 19. Be3 Ne5 20. Nxe5 Qxe5 21. f4 Qd6 22. Nd4 Bd3 23. Rad1 Bd8 24. Qh6 Be4 25. Nb5 Qf6 26. Bd4 Bb6 27. Re3 Bxd4 28. Nxd4 Rad8 29. Rf1 Rd6 30. Rg3 Qg7 31. Qg5 Rb6 32. f5 Rf6 33. Qf4 Kh7 34. Qe5 Rb6 35. f6 Qh6 36. Rg5 Rxb2 37. Rf4 Rc8 38. Nf3 Re2 39. Qe7 Rf8 40. Rh4 Bxf3 41. Rhxh5 Bxh5 42. Rxh5 Rxe7 0-1

[Event "World University-ch 10th"]
[Site "Novokuznetsk"]
[Date "2008.03.10"]
[Round "9"]
[White "Smirnov, Pavel"]
[Black "Moosavian, S Hamed"]
[Result "1-0"]
[WhiteElo "2599"]
[BlackElo "2349"]
[PlyCount "79"]
[EventDate "2008.03.04"]
[EventType "team"]
[EventRounds "9"]
[EventCountry "RUS"]
[SourceTitle "CBM 123 Extra"]
[Source "ChessBase"]
[SourceDate "2008.05.06"]
[SourceVersion "1"]
[SourceVersionDate "2008.05.06"]
[SourceQuality "1"]

1. e4 e6 2. d4 d5 3. Nc3 Nc6 4. Nf3 Nf6 5. e5 Ne4 6. Ne2 f6 7. exf6 Qxf6 8. Ng3 e5 9. Bb5 exd4 10. Nxe4 dxe4 11. Nxd4 Bb4+ 12. c3 0-0 13. Be3 Bc5 14. Bxc6 bxc6 15. Qb3+ Kh8 16. Qc4 Bxd4 17. Bxd4 Qg6 18. 0-0-0 a5 19. Qc5 Ba6 20. Rhe1 Bd3 21. f3 exf3 22. Re7 Rg8 23. gxf3 Rae8 24. Bxg7+ Rxg7 25. Rxe8+ Qxe8 26. Rxd3 h6 27. Qe3 Qg6 28. Rd8+ Kh7 29. Qe4 Qxe4 30. fxe4 Rg2 31. Rd2 Rg1+ 32. Kc2 Re1 33. Kd3 Kg6 34. Kd4 Kf6 35. Kc5 Rxe4 36. Kxc6 Re7 37. Rf2+ Kg5 38. a4 Re4 39. b3 Re3 40. Rc2 1-0

[Event "World University-ch 10th"]
[Site "Novokuznetsk"]
[Date "2008.03.07"]
[Round "5"]
[White "Maletin, Pavel"]
[Black "Moosavian, S Hamed"]
[Result "1-0"]
[WhiteElo "2573"]
[BlackElo "2349"]
[PlyCount "63"]
[EventDate "2008.03.04"]
[EventType "team"]
[EventRounds "9"]
[EventCountry "RUS"]
[SourceTitle "CBM 123 Extra"]
[Source "ChessBase"]
[SourceDate "2008.05.06"]
[SourceVersion "1"]
[SourceVersionDate "2008.05.06"]
[SourceQuality "1"]

1. Nf3 d5 2. d4 c6 3. c4 e6 4. Nbd2 f5 5. g3 Nf6 6. Bg2 Bd6 7. 0-0 Nbd7 8. Ne1 0-0 9. Nd3 b6 10. b4 Bb7 11. a4 c5 12. bxc5 bxc5 13. Ba3 Qe7 14. Nb3 Ne4 15. Na5 Ba6 16. cxd5 Nc3 17. Qd2 Bxd3 18. Qxd3 Nxd5 19. Bxd5 exd5 20. dxc5 Bxc5 21. Qxd5+ Qf7 22. Rfd1 Bxa3 23. Qxf7+ Rxf7 24. Rxa3 Re8 25. e3 Nc5 26. Nc6 Rc7 27. Nd4 Ne4 28. Rb3 Rec8 29. Kg2 g6 30. a5 Rc5 31. Rb7 Rxa5 32. Nc6 1-0

[Event "World University-ch 10th"]
[Site "Novokuznetsk"]
[Date "2008.03.05"]
[Round "3"]
[White "Hindermann, Felix"]
[Black "Moosavian, S Hamed"]
[Result "0-1"]
[WhiteElo "2307"]
[BlackElo "2349"]
[PlyCount "128"]
[EventDate "2008.03.04"]
[EventType "team"]
[EventRounds "9"]
[EventCountry "RUS"]
[SourceTitle "CBM 123 Extra"]
[Source "ChessBase"]
[SourceDate "2008.05.06"]
[SourceVersion "1"]
[SourceVersionDate "2008.05.06"]
[SourceQuality "1"]

1. b3 c5 2. Bb2 d5 3. e3 Nc6 4. Bb5 a6 5. Bxc6+ bxc6 6. f4 f6 7. Nf3 Nh6 8. Qe2 Qc7 9. d3 e6 10. Nbd2 Bd6 11. h3 Nf5 12. Rg1 d4 13. Nc4 dxe3 14. g3 0-0 15. Nxe3 Nxe3 16. Qxe3 e5 17. fxe5 fxe5 18. 0-0-0 Bxh3 19. Rde1 Rae8 20. Ng5 Bf5 21. Ne4 Bxe4 22. Qxe4 h6 23. Re2 Kh8 24. Kb1 Qd7 25. Rge1 Bc7 26. Bc3 Re7 27. Kb2 Rfe8 28. Qc4 e4 29. Re3 exd3 30. Rxd3 Qf5 31. Rxe7 Rxe7 32. Qxa6 Re2 33. Rd8+ Bxd8 34. Qxe2 Qg6 35. Qd3 Qxd3 36. cxd3 Bc7 37. Be1 h5 38. Kc2 g5 39. Kd2 Kg7 40. Ke3 Kf6 41. Ke4 Ke6 42. a4 Bd8 43. Bf2 Bc7 44. Be1 Bd8 45. Bf2 Kd6 46. Kf5 Kd5 47. Be3 h4 48. gxh4 gxh4 49. Kg4 Bf6 50. Bf2 Bc3 51. Kxh4 Bb4 52. Kg4 Ke5 53. Be3 Kd5 54. Kf5 Bc3 55. Kg6 Kd6 56. Kf7 Bb4 57. Ke8 Kc7 58. Ke7 c4+ 59. Ke6 cxb3 60. Bd4 Ba3 61. Be5+ Kb7 62. Kd7 b2 63. Bxb2 Bxb2 64. a5 c5 0-1

[Event "IRI-ch"]
[Site "Tehran"]
[Date "2006.12.28"]
[Round "9"]
[White "Moosavian, S Hamed"]
[Black "Ghaem Maghami, Ehsan"]
[Result "0-1"]
[WhiteElo "2345"]
[BlackElo "2581"]
[PlyCount "68"]
[EventDate "2006.12.22"]
[EventType "tourn"]
[EventRounds "11"]
[EventCountry "IRI"]
[EventCategory "6"]
[SourceTitle "CBM 116 Extra"]
[Source "ChessBase"]
[SourceDate "2007.03.07"]
[SourceVersion "1"]
[SourceVersionDate "2007.03.07"]
[SourceQuality "1"]

1. e4 c5 2. Nf3 e6 3. d4 cxd4 4. Nxd4 a6 5. Nc3 Qc7 6. Be2 b5 7. Bf3 Bb7 8. Qe2 Bc5 9. Nb3 Bd6 10. e5 Bxe5 11. Bxb7 Bxc3+ 12. bxc3 Qxb7 13. Ba3 Nf6 14. 0-0 Nc6 15. Qd2 d5 16. Qg5 Ne4 17. Qxg7 0-0-0 18. Nc5 Nxc5 19. Bxc5 Rhg8 20. Qf6 d4 21. Qf3 Rd5 22. cxd4 Nxd4 23. Bxd4 Rxd4 24. Qxb7+ Kxb7 25. Rfd1 Rgd8 26. Rxd4 Rxd4 27. Kf1 Kc6 28. Ke2 Kc5 29. Rb1 Ra4 30. Rb2 Rb4 31. Rb3 Rxb3 32. axb3 a5 33. Kd2 Kb4 34. Kc1 Kc3 0-1